000
00306pab a2200133 454500
008
180718b1990 xxu||||| |||| 00| 0 eng d
245
_a
Review of agriculture
260
_c
1990
300
_a
A2-A44
362
_a
30 Mar.
650
_a
Agriculture
773
_a
Economic and Political Weekly
909
_a
3637
999
_c
3637
_d
3637